00584nam a2200181 a 450000500170000000800410001702000180005805000180007610000180009424500350011226000420014730000170018944000280020665000180023465000210025299900190027395201100029220140412111321.0030404s19uu xx 00 eng d a1-56144-091-4 aERbPi65 1991 aHirata, Shogo aPinocchio. /cby Shogo Hirata. aNew York :bModern Publishing,c1991. a24 p. ; ill. aFun to Read Fairy Tales aLies--Fiction aChildren stories c104395d104395 00104050aELbELcERd2003-04-04eDonationl0oER Pi65 1991pE7692r2014-04-12 00:00:00w2014-04-12yBK